Catalog

Record Details

Catalog Search



Watching the world change : the stories behind the ... Read More

Available copies

  • 0 of 1 copy available at LARL/NWRL Consortium.
  • 0 of 1 copy available at Lake Agassiz Regional Library. (Show preferred library)

Current holds

0 current holds with 1 total copy.

Show Only Available Copies
Location Call Number / Copy Notes Barcode Shelving Location Status Due Date
Barnesville Public Library 974.7 FRI (Text) 33500008958910 Main Checked out 08/06/2026

Record details

  • ISBN: 0374299331 (hardcover : alk. paper)
  • Physical Description: xix, 435 p., [24] p. of plates : ill. (chiefly ... Read More
  • Edition: 1st ed.
  • Publisher: New York : Farrar, Straus and Giroux, 2006.

Content descriptions

Bibliography, etc. Note:
Includes bibliographical references (p. [349]-413) ... Read More
Formatted Contents Note:
Introduction -- Tuesday, September 11 -- ... Read More
Subject: September 11 Terrorist Attacks, 2001.
September 11 Terrorist Attacks, 2001 > Pictorial works.
World Trade Center (New York, N.Y.) > Pictorial works.
Terrorism > New York (State) > New York > Pictorial works.
Genre: Documentary photography.
LDR 01573cam a22003734a 4500
00172141
003LARL_NWRL_CONSORTIUM
00520060823121716.0
008051214s2006 nyuaf b 001 0 eng
010 . ‡a2005036158
015 . ‡aGBA668018 ‡2bnb
0167 . ‡a013526923 ‡2Uk
020 . ‡a0374299331 (hardcover : alk. paper)
0243 . ‡a9780374299330
035 . ‡a(OCoLC)62679830
040 . ‡aDLC ‡cDLC ‡dBAKER ‡dUKM ‡dC#P
042 . ‡apcc
043 . ‡an-us-ny
08200. ‡a974.7/1044 ‡222
1001 . ‡aFriend, David, ‡d1955- ‡0(LARL_NWRL_CONSORTIUM)96497
24510. ‡aWatching the world change : ‡bthe stories behind the images of 9/11 / ‡cDavid Friend.
250 . ‡a1st ed.
260 . ‡aNew York : ‡bFarrar, Straus and Giroux, ‡c2006.
300 . ‡axix, 435 p., [24] p. of plates : ‡bill. (chiefly col.) ; ‡c24 cm.
504 . ‡aIncludes bibliographical references (p. [349]-413) and index.
5050 . ‡aIntroduction -- Tuesday, September 11 -- Wednesday, September 12 -- Thursday, September 13 -- Friday, September 14 -- Saturday, September 15 -- Sunday, September 16 -- Monday, September 17.
650 0. ‡aSeptember 11 Terrorist Attacks, 2001. ‡0(LARL_NWRL_CONSORTIUM)42285
650 0. ‡aSeptember 11 Terrorist Attacks, 2001 ‡vPictorial works. ‡0(LARL_NWRL_CONSORTIUM)174940
61020. ‡aWorld Trade Center (New York, N.Y.) ‡vPictorial works.
650 0. ‡aTerrorism ‡zNew York (State) ‡zNew York ‡vPictorial works.
655 0. ‡aDocumentary photography.
901 . ‡a72141 ‡bOCLC ‡c72141 ‡tbiblio

Additional Resources